000 00432nam a22001457a 4500
999 _c5870
_d5870
005 20251121110910.0
008 251121b ||||| |||| 00| 0 eng d
040 _cKH8
082 _a500 SCH
100 _aScholastic
_e-1
245 _aWEIRD AND WONDERFUL
260 _aEuston House,24 Eversholt Street,London NW1 1DB
_bScholastic Children's Books
_c©2019
300 _a15 Pages
_bColour illustration
_c15 cm x 22 cm
942 _2ddc
_cER